000 00755nam a2200229 i 4500
001 133749
003 ES-MaACL
005 20250804062646.0
007 t|
008 070828s1869 fr ||||1| fre d
040 _cES-MaACL
100 0 _aVoltaire,
_d1694-1778
_eaut
_9115721
245 1 0 _aOeuvres complétes de Voltaire.
_nTome vingtième :
_bRomans
246 1 _aRomans
260 _aParis :
_bHachette et Cie.,
_c1869.
300 _a430 páginas ;
_c18 cm.
655 0 _aNovelas
_9234319
852 _aES-MaACL
_cSPP3
_gDedicatoria autógrafa de Manuel de la Revilla al Ateneo de Madrid
_hDonativo de Manuel de la Revilla
_jG-9244
_xHolandesa
942 _cMONANT
_n0
999 _c133749
_d133749